000 00805nam a2200229Ii 4500
003 JO-AjNU
008 230605s9999||||xx |||||||||||||| ||und||
017 _a2000/5/1693
020 _a9957-07-099-1
040 _aJO-AjNU
_bara
_erda
_cJO-AjNU
041 _aara
050 1 4 _aGV706.8 2000
100 3 _aتاليف ابراهيم، مروان عبد المجيد,
_eauthor
_942557
245 0 0 _aالادارة والتنظيم في التربية الرياضية
250 _aط1
264 3 1 _aعمان: دار الفكر للطباعة والنشر والتوزيع، 2000
300 _a286ص
336 _atext
_btxt
_2rdacontent
337 _aunmediated
_bn
_2rdamedia
338 _avolume
_bnc
_2rdacarrier
650 4 _aالتنظيم والادارة- التربية الرياضية
_942558
999 _aA18231
_c21799
_d21799